| 000 | 00469nam a2200121Ia 4500 | ||
|---|---|---|---|
| 008 | 220620s9999||||xx |||||||||||||| ||und|| | ||
| 100 | _aBeckford, Fitzroy B. | ||
| 245 | 0 |
_aPoverty and Climate Change _bRestoring a Global Biogeochemical Equilibrium |
|
| 546 | _aEnglish[eng] | ||
| 650 | _aBusiness & Economics||Development||Sustainable Development||Nature||Ecology | ||
| 856 | _uhttps://library.oapen.org/bitstream/20.500.12657/43910/1/external_content.pdf | ||
| 942 | _cEB | ||
| 999 |
_c33020 _d33020 |
||